000 00632nam a2200277Ia 4500
005 20260324134004.0
008 008 260324s9999 xx 000 0 eng d
020 _a9781003151036
037 _aEBOOK
040 _aCRL
040 _beng
040 _cCRL
041 _2eng
041 _aeng
084 _qCRL
100 _aJoseph F. Gustin
_91164637
245 0 _aFacility Manager's Handbook
260 _bTaylor and Francis
260 _c2002
365 _a
365 _b235
856 _uhttp://www.taylorfrancis.com/books/9781003151036
942 _cEBOOK
999 _c1794756
_d1794756